000 01569nam a2200241Ia 4500
003 Ost
005 20260507075312.0
008 260507s9999||||xx |||||||||||||| ||und||
020 _a26122769779
040 _cfsecg
041 _aara
082 _a386.8
100 _aعبد الفتاح، محمد
_eمؤلف
245 0 _aالاستراتيجية التسويقية للموانئ و شركات النقل البحري /
_c محمد عبد الفتاح
260 _aالقاهرة:
_bالمكتب العربي للمعارف,
_c2011
300 _a263 صفحة؛
_bإيضاحات ؛
_c24 سم
504 _aببليوغرافيا: ص.260-261 كشاف مصطلحات ص.221
520 _aاستقصاء قياس فعالية نظام التخطيط الإستراتيجي، ما الميناء ، تقسيمات الميناء و سلطاته ، الواجبات الرئيسية لجهاز ادارةالميناء ، وظائف الميناء و مسئوليات المستويات الادارية بجهاز الميناء ، أشكال الرقابة على الموانئ البحرية ، شركات النقل البحري و شكل الملكية في شركات النقل البحري، الاستراتيجيات الادارية، استراتيجيات التسويق و المزيج التسويقي و أخيرا اعداد الاستراتيجية التسويقية لشركات النقل البحري و مراحلها
653 _aالتسويق
653 _aالموانئ
653 _aالنقل البحري
942 _cكتاب
999 _c43876
_d43876